01171nac a22003251i 4500003000900000005001700009008004100026020001500067020001800082040004300100043001200143082002200155245006300177264003400240300002300274336002600297337002800323338002700351504005200378505004900430650004800479650003400527650002000561651004200581655001700623700002800640942001200668999001500680952015000695EG-ScBUE20240528112502.0240528s2004 enk f b 001 0 eng d a0714680214 a9780714680217 aEG-ScBUEbengerdacEG-ScBUEdEG-ScBUE aa-is---04a956.9405bKAR22200aIsrael :bthe first hundred years /ceditor, Efraim Karsh. 1aLondon :bFrank Cass, c2004. a346 pages ;c24 cm 2rdacontentatextbtxt aunmediated2rdamediabn avolumebnc2rdacarrier aIncludes bibliographical references and index. 2 aVolume 4. Israel in the international arena. 7aJewsxHistoryzIsraely20th century.2BUEsh 7aArab-Israeli conflict.2BUEsh 7aZionism.2BUEsh 7aIsraelxHistoryy20th century.2BUEsh vReading book1 aKarsh, Efraim,eeditor. cBB2ddc c7294d7294 00102ddc40708AlahramaMAINbMAINc2NDd2008-01-20ePurchasel9m123o956.9405 KARp000008830r2025-07-15 00:00:00s2018-10-15w2008-01-20yBB